000 00649nam a2200229 a 4500
001 17623
003 CO-ViMGA
008 141112s2004 ck r 000 u spa d
020 _a9586920836
040 _aCO-ViMGA
_bspa
_cCO-ViMGA
082 0 4 _a296.07 D715v
100 1 _aDrane, John
_924980
245 1 0 _aLa vida que transformo al mundo
260 _aBogotá,
_cSan Pablo,
_c2000
300 _a22.p.
490 _aEl mundo de la biblia
590 _aForma de adquisición : Premio - Mincultura
650 1 4 _aBIBLIA - HISTORIA SAGRADA
_915484
650 1 4 _aJESUCRISTO - HISTORIA
_924981
650 1 4 _aLITERATURA JUVENIL
_9314
942 _2ddc
_cBK
999 _c27116
_d27116